000 00300nam a22001337a 4500
008 170526b xxu||||| |||| 00| 0 eng d
020 _a0442248660
041 _aeng
080 _a62
100 _a27
101 _aIM
245 _aMANAGERIAL AND ENGINEERING ECONOMY
_cTAYLOR, G.A
942 _2udc
_cBK
999 _c14543
_d14543